Active skills for reading

Bewaard in:
Bibliografische gegevens
Hoofdauteur: Anderson, Neil J.
Formaat: Boek
Taal:Undetermined
Gepubliceerd in: Boston, MA Thomson ELT 2007
Onderwerpen:
Tags: Voeg label toe
Geen labels, Wees de eerste die dit record labelt!
Thư viện lưu trữ: Trung tâm Học liệu Trường Đại học Cần Thơ
LEADER 00566nam a2200205Ia 4500
001 CTU_128048
008 210402s9999 xx 000 0 und d
020 |c 102000 
082 |a 428.64 
082 |b A548/T2 
100 |a Anderson, Neil J. 
245 0 |a Active skills for reading 
245 0 |c Neil J. Anderson 
260 |a Boston, MA 
260 |b Thomson ELT 
260 |c 2007 
650 |a English language,English language 
650 |x Textbooks for foreign speakers,Readers 
904 |i Minh 
980 |a Trung tâm Học liệu Trường Đại học Cần Thơ